000 00983cam a2200301 i 4500
001 768714001
003 CO-MdFUSB
005 20241002091939.0
007 ta
008 240601t1987 ck |||| |||| 00| 0 spa d
040 _cCO-MdFUSB
041 0 _aspa
082 0 4 _224
_a234
_bD686s
100 1 _aDonner, Theodorus Gerardus (Theo G.)
_eautor
245 1 3 _aLa soberanía de Dios y la responsabilidad del hombre
_c/ Theo G. Donner
264 1 _aMedellín, Colombia :
_bPoiema,
_c[2014]
264 4 _c©2014
300 _a62 páginas
_c; 21 cm
336 _atexto
_btxt
_2rdacontent
337 _2rdamedia
_asin mediación
_bn
338 _2rdacarrier
_avolumen
_bnc
505 _aEl problema del hombre. -- El propósito soberano de Dios. -- El poder de la cruz y la redención del pueblo de Dios. -- La gracia de Dios. -- La seguridad de la salvación.
563 _aRústico
653 _aSoberanía de Dios
653 _aSoberanía
942 _cBK
945 _aJTF-925
999 _c34605
_d34605